Taco Hemingway - Jarmark - Statystyki

Ogólne statystyki
  • Ten quiz został rozwiązany 293 razy
  • Średni wynik to 9 z 13
Statystyki odpowiedzi
Numer Gość Utwór % Poprawnych
4 Gruby Mielzky Influenza
85%
3 POLSKIE TANGO
85%
5 CatchUp Nie Mam Czasu
78%
9 W.N.P
75%
1 Artur Rojek Łańcuch I: Kiosk
72%
7 Dwuzłotówki Dancing
71%
2 Panie To Wyście!
70%
10 Katarzyna Kowalczyk 1990s Utopia
69%
8 POL Smoke
67%
12 Artur Rojek Łańcuch III: Korpo
63%
6 Artur Rojek Łańcuch II: Korek
63%
11 Szczękościsk
61%
Bonus Track Sznycel
40%
Nie znaleziono quizów pasujących do podanych kryteriów
Rozkład punktacji
Procent ludzi z każdym wynikiem
Percentyl według liczby udzielonych odpowiedzi
Twoja historia wyników
Nie rozwiązałeś tego quizu